000 00705nam a2200277Ia 4500
001 35333
005 20240114001810.0
007 ta
008 070317s1955 a g b000 u asm u
040 _aCotton College,Assam
041 _aasm
082 _a928.2
_bSh 26 R
100 _aRasid, Harunar .
245 0 _aJorge Barnard Shawar Jiban Katha /
_cHarunar Rasid.
_hTextual Documents
250 _a1st ed. /
260 _aGuwahati :
_bLawyers Book Stall ,
_c1955.
300 _a81p. :
_bill ;
_c20cm .
653 _aBiography-Poet
653 _aG-Biography
942 _2ddc
_cBK
999 _c35315
_d35315